000 00406nam a2200157Ia 4500
003 Ost
005 20260225132554.0
008 260225s9999||||xx |||||||||||||| ||und||
040 _cfsic
041 _afre
082 _a440
100 _aDjamel Bouadjimi
_eAuteur
245 0 _aLa société de l'information et son impact sur les pays en développement /
245 0 _cDjamel Bouadjimi
942 _cكتاب
999 _c34331
_d34331